| 000 | 00534nam a2200193Ia 4500 | ||
|---|---|---|---|
| 008 | 151121s9999||||xx |||||||||||||| ||und|| | ||
| 082 | _a080/POL | ||
| 082 | _bHNW-26539 | ||
| 100 | _aPolak H।S।L। & Brailsford H। N। | ||
| 245 | _aMahatma Gandhi | ||
| 260 | _bJaico Pub। Bombay। | ||
| 260 | _c-- | ||
| 300 | _a355 | ||
| 600 | _aPolak H।S।L। & Brailsford H। N। | ||
| 630 | _aMahatma Gandhi | ||
| 700 | _aPolak H।S।L। & Brailsford H। N। | ||
| 730 | _aMahatma Gandhi | ||
| 942 | _cBOOK | ||
| 999 |
_c1223112 _d1223109 |
||